000 01245nam a22003257a 4500
003 EG-GICUC
005 20260126104645.0
008 251123s1972 |||a|||fr|||| 000 0 ara d
017 _a1973/2567
040 _a EG-GICUC
_bara
_c EG-GICUC
_d EG-GICUC
_erda
041 0 _aara
082 0 4 _221
_a345
_bم أ . م
092 0 4 _221
099 _aLaw1 07 345 م أ . م 1972
100 1 _aمحمد عباس زكي
_eمؤلف.
245 1 2 _aالمناطق الحرة وأثرها على التجارة الخارجية :
_bدراسة مقارنة /
_cمحمد عباس زكي، أنور عبد الخالق.
264 1 _aالقاهرة :
_bالمنظمة العربية للعلوم الإدارية،
_c[1972].
300 _a102 صفحة :
_bإيضاحيات، جداول ؛
_c24 سم.
336 _2rda content
_atext
337 _2rda media
_aComputer
338 _2rda carrier
_aOnline Resource
504 _aببليوجرافيا: صفحات.
546 _aالنص باللغة العربية
650 1 4 _aالقانون الإداري
_2qrmak
651 1 _2qrmak
700 1 _aأنور عبد الخالق
_eمؤلف.
856 4 0 _uhttps://fll.law.cu.edu.eg/fulltext/bks/B07-00086.pdf
905 _a78
942 _2ddc
_cBK
_e21
_n0
999 _c45445
_d45445